| 000 | 00766nam a2200229 i 4500 | ||
|---|---|---|---|
| 001 | bg | ||
| 245 | 0 | 0 |
_aSłownik sztuki XX wieku / _cnapisany pod kier. Gérarda Durozoi ; [tł. z fr. Halina Andrzejewska et al.] |
| 246 |
_iTyt. oryg.: _aDictionnaire de l'art moderne et contemporai |
||
| 260 |
_aWarszawa : _b"Arkady", _c1998 |
||
| 300 |
_aXV, [1], 676, [4] s. : _bil. kolor., fot., portr. ; _c30 cm |
||
| 500 | _aOryg. : "Dictionnaire de l'art moderne et contemporain" 1992 | ||
| 650 |
_aSztuka _y20 w |
||
| 655 | _aEncyklopedi | ||
| 700 |
_aDUROZOI, Gérard. _eRed. |
||
| 020 | _a8321338615 | ||
| 040 | _cBPK | ||
| 041 | 1 |
_apl _hfr |
|
| 080 | _a7(091)+82(091)](03) | ||
| 920 | _a83-213-3861-5 | ||
| 942 | _cKS | ||
| 008 | s pl f |000 0 pol | ||
| 999 |
_c33818 _d33818 |
||